A history of Islam in West Africa / (Record no. 20428)

MARC details
000 -LEADER
fixed length control field 01195cam a2200337 4500
001 - CONTROL NUMBER
control field 1822730
003 - CONTROL NUMBER IDENTIFIER
control field BDDh-ASL
005 - DATE AND TIME OF LATEST TRANSACTION
control field 20231015025904.0
008 - FIXED-LENGTH DATA ELEMENTS--GENERAL INFORMATION
fixed length control field 710513s1970 enkbij b 001 0 eng
010 ## - LIBRARY OF CONGRESS CONTROL NUMBER
LC control number 79550659
015 ## - NATIONAL BIBLIOGRAPHY NUMBER
National bibliography number B70-14827
020 ## - INTERNATIONAL STANDARD BOOK NUMBER
International Standard Book Number 0192850385
040 ## - CATALOGING SOURCE
Original cataloging agency DLC
Transcribing agency DLC
Modifying agency DLC
-- BDDh-ASL
043 ## - GEOGRAPHIC AREA CODE
Geographic area code fw-----
050 00 - LIBRARY OF CONGRESS CALL NUMBER
Classification number BP64.A4
Item number W38 1970
082 00 - DEWEY DECIMAL CLASSIFICATION NUMBER
Classification number 297.0966
Item number TRH
100 1# - MAIN ENTRY--PERSONAL NAME
Personal name Trimingham, J. Spencer
Fuller form of name (John Spencer),
Dates associated with a name 1904-
245 12 - TITLE STATEMENT
Title A history of Islam in West Africa /
Statement of responsibility, etc. by J. Spencer Trimingham.
260 ## - PUBLICATION, DISTRIBUTION, ETC.
Place of publication, distribution, etc. London:
-- New York,
Name of publisher, distributor, etc. Published for the University of Glasgow by the Oxford U.P.,
Date of publication, distribution, etc. 1970.
300 ## - PHYSICAL DESCRIPTION
Extent x, 262 p.
Other physical details coat of arms, geneal. table, 7 maps.
Dimensions 21 cm.
490 1# - SERIES STATEMENT
Series statement University of Glasgow. Publications
490 0# - SERIES STATEMENT
Series statement Oxford paperbacks ;
Volume/sequential designation 223
504 ## - BIBLIOGRAPHY, ETC. NOTE
Bibliography, etc. note Bibliographical references and index.
650 #0 - SUBJECT ADDED ENTRY--TOPICAL TERM
Topical term or geographic name entry element Islam
Geographic subdivision Africa, West.
651 #0 - SUBJECT ADDED ENTRY--GEOGRAPHIC NAME
Geographic name Africa, West
General subdivision History.
710 2# - ADDED ENTRY--CORPORATE NAME
Corporate name or jurisdiction name as entry element Thomas Leiper Kane Collection (Library of Congress. Hebraic Section)
Institution to which field applies DLC
830 #0 - SERIES ADDED ENTRY--UNIFORM TITLE
Uniform title Glasgow University publications.
906 ## - LOCAL DATA ELEMENT F, LDF (RLIN)
a 7
b cbc
c orignew
d 4
e ncip
f 19
g y-gencatlg
942 ## - ADDED ENTRY ELEMENTS (KOHA)
Source of classification or shelving scheme Dewey Decimal Classification
Koha item type Books
Holdings
Withdrawn status Lost status Source of classification or shelving scheme Damaged status Not for loan Collection code Home library Current library Shelving location Date acquired Source of acquisition Total Checkouts Full call number Barcode Date last seen Copy number Price effective from Koha item type
    Dewey Decimal Classification     Non-fiction Asiatic Society Library Asiatic Society Library General Stacks 01/09/2021 ASB Collection   297.0966 TRH 103873 01/09/2021 C-1 01/09/2021 Books

Powered by Koha